Efecto de curasemillas sobre el crecimiento, desarrollo, sanidad y rendimiento en cebada cervecera /

Guardado en:
Autor Principal: Tumini, Desirée.
Autor Corporativo: Universidad Nacional del Sur. Departamento de Agronomía.
Otros Autores: Kiehr, Mirta E., (tutor.)
Formato: Libro
Idioma:Spanish
Publicado: Bahía Blanca, 2013.
Etiquetas: Agregar Etiqueta
Sin Etiquetas, Sea el primero en etiquetar este registro!
LEADER 00726nam a22001695a 4500
001 EEA.libagro009179
005 20170925131238.0
008 130809s2013####ag#a##########000#0#spa#d
082 0 4 |a 633.1695 
100 1 |a Tumini, Desirée. 
245 1 0 |a Efecto de curasemillas sobre el crecimiento, desarrollo, sanidad y rendimiento en cebada cervecera /  |c Desirée Tumini. 
260 |a Bahía Blanca,  |c 2013. 
300 |a 80 h. :  |b il. ;  |c 30 cm. 
500 |a Trabajo de intensificación (Ingeniero Agrónomo) -- Universidad Nacional del Sur. Departamento de Agronomía, 2013. 
700 1 |a Kiehr, Mirta E.,  |e tutor. 
710 2 |a Universidad Nacional del Sur.  |b Departamento de Agronomía. 
859 |a AR-BbBCA  |b BIB. AGRONOMIA  |h 633.1695  |i T925  |p 2013/6244